[Event "Ljubljana op 8th"]
[Site "Ljubljana"]
[Date "1997.??.??"]
[Round "3"]
[White "Kos, Toni"]
[Black "Sher, Miron Naumovich"]
[Result "1-0"]
[WhiteElo "2295"]
[BlackElo "2470"]
[PlyCount "63"]
[EventDate "1997.06.??"]
[EventType "swiss"]
[EventRounds "9"]
[EventCountry "SLO"]
[SourceTitle "EXT 1998"]
[Source "ChessBase"]
[SourceDate "1997.11.17"]
[SourceVersion "1"]
[SourceVersionDate "1997.11.17"]
[SourceQuality "1"]

1. e4 e6 2. d4 d5 3. Nc3 Bb4 4. e5 Ne7 5. a3 Bxc3+ 6. bxc3 b6 7. Qg4 Ng6 8. h4 h5 9. Qg3 Ba6 10. Bxa6 Nxa6 11. Ne2 Qd7 12. a4 0-0-0 13. Bg5 Rdf8 14. Qd3 Nb8 15. a5 b5 16. a6 c6 17. 0-0 Qe8 18. c4 dxc4 19. Qa3 f6 20. Bd2 Rf7 21. Nc3 f5 22. Rfb1 Rc7 23. Qb2 Kd7 24. Bg5 Kc8 25. Ra5 Kd7 26. Nxb5 cxb5 27. Rxb5 Nc6 28. Rb7 Qc8 29. Qa3 Rxb7 30. Rxb7+ Ke8 31. Qd6 Rf8 32. Rc7 1-0